| 000 | 01326nam a2200373Ia 4500 | ||
|---|---|---|---|
| 003 | GCL | ||
| 008 | 140319s9999 xx 000 0 ara d | ||
| 040 |
_aGCL / _cGCL |
||
| 082 | 0 | 4 |
_aق _b962.16 _bف ق |
| 100 | 1 | _aفؤاد فرج | |
| 245 | 1 | 0 |
_aالقاهرة ( 1 ) : تاريخ المدن القديمة ودليل المدينة الحديثة 1943 / _cفؤاد فرج |
| 260 |
_aالقاهرة : _bمطبعة المعارف ، _c1944 |
||
| 300 |
_a400 ص ؛ _c28 سم |
||
| 490 |
_aسلسلة المدن المصرية _v0 |
||
| 650 | 0 | 4 | _aالكبارى |
| 650 | 0 | 4 | _aالحياة الاجتماعية |
| 650 | 0 | 4 | _aالاثار الاسلامية |
| 650 | 0 | 4 | _aالمواصلات |
| 650 | 0 | 4 | _aالامبراطورية العثمانية |
| 650 | 0 | 4 | _aنهر النيل |
| 650 | 0 | 4 | _aالشوارع |
| 650 | 0 | 4 | _aالمتاحف |
| 650 | 0 | 4 | _aالقصور |
| 650 | 0 | 4 | _aالاحياء |
| 650 | 0 | 4 | _aالمياه - تنقية |
| 650 | 0 | 4 | _aالمبانى العامة |
| 650 | 0 | 4 | _aالقاهرة |
| 650 | 0 | 4 | _aتخطيط المدن - مصر |
| 650 | 0 | 4 | _aالقاهرة - تاريخ - العصر الحديث |
| 650 | 0 | 4 | _aالعصر الحديث - تاريخ |
| 650 | 0 | 4 | _aالقاهرة - احياء وضواحى |
| 650 | 0 | 4 | _aتخطيط المدن - القاهرة |
| 942 |
_2ddc _cBK |
||
| 999 |
_c36222 _d36222 |
||